[Event "6th EUR-ch (w)"]
[Site "Chisinau MDA"]
[Date "2005.06.16"]
[Round "6"]
[White "Andronic, Iulia"]
[Black "Baskite, Viktoria"]
[Result "0-1"]
[WhiteElo "2085"]
[BlackElo "2205"]
[EventDate "2005.06.10"]
[PlyCount "58"]

1.d4 Nf6 2.Nf3 e6 3.c4 Bb4+ 4.Nc3 Ne4 5.Bd2 Bxc3 6.Bxc3 O-O 7.e3 f5 8.Bd3 
d6 9.Qc2 Nxc3 10.Qxc3 b6 11.Be2 Bb7 12.O-O Nd7 13.b4 Nf6 14.Nd2 Qe8 15.f3 
Qh5 16.c5 Nd5 17.Qb3 Rf6 18.Rf2 Rh6 19.Nf1 f4 20.exf4 Nxf4 21.cxd6 cxd6 
22.Bc4 Rf8 23.Be2 Qg5 24.Kh1 Rg6 25.Ng3 Qh4 26.Kg1 Rh6 27.Nf1 Nxe2+ 28.
Rxe2 Qxd4+ 29.Qe3 Qxa1 0-1

[Event "6th EUR-ch (w)"]
[Site "Chisinau MDA"]
[Date "2005.06.16"]
[Round "6"]
[White "Khudaverdieva, Afag"]
[Black "Bulmaga, Irina"]
[Result "1-0"]
[WhiteElo "2187"]
[BlackElo "2046"]
[EventDate "2005.06.10"]
[PlyCount "87"]

1.d4 d5 2.c4 c6 3.Nf3 Nf6 4.Nc3 a6 5.e3 b5 6.b3 Bg4 7.Be2 e6 8.Bb2 Nbd7 9.
O-O Bd6 10.h3 Bxf3 11.Bxf3 O-O 12.Re1 Bc7 13.Ba3 Ba5 14.Bxf8 Bxc3 15.Bd6 
Bxa1 16.Qxa1 bxc4 17.bxc4 Nb6 18.c5 Nc4 19.Bg3 Qa5 20.Rc1 Nd2 21.Qb2 Re8 
22.Be2 Nfe4 23.Bf4 g5 24.Be5 f6 25.Bh2 Nc4 26.Bxc4 dxc4 27.f3 Nd2 28.Rc2 
e5 29.Rxd2 c3 30.Qb3+ Kh8 31.Rc2 exd4 32.exd4 Re3 33.Kf2 Rd3 34.Qf7 Qd8 
35.Bd6 Rxd4 36.Rxc3 Rd2+ 37.Kf1 Rd1+ 38.Ke2 Rb1 39.Re3 Rb2+ 40.Kf1 Rb1+ 
41.Kf2 Rb2+ 42.Kg1 Rb1+ 43.Kh2 Rb8 44.Re7 1-0

[Event "6th EUR-ch (w)"]
[Site "Chisinau MDA"]
[Date "2005.06.16"]
[Round "6"]
[White "Grishina, Alexandra"]
[Black "Stiri, Alexandra"]
[Result "0-1"]
[WhiteElo "2065"]
[BlackElo "2181"]
[EventDate "2005.06.10"]
[PlyCount "54"]

1.e4 c5 2.Nf3 e6 3.c4 Nc6 4.Nc3 a6 5.Be2 g6 6.O-O Bg7 7.d3 Nge7 8.Be3 Nd4 
9.Qd2 O-O 10.Bh6 Nec6 11.Bxg7 Kxg7 12.Nxd4 Nxd4 13.e5 d5 14.Rad1 b5 15.b4 
cxb4 16.Nb1 Qc7 17.f4 bxc4 18.dxc4 Nxe2+ 19.Qxe2 dxc4 20.Nd2 c3 21.Ne4 Bb7
22.Nf6 Rfd8 23.Qg4 c2 24.Rd7 Rxd7 25.Qg5 Rd2 26.Nh5+ Kg8 27.Nf6+ Kh8 0-1

[Event "6th EUR-ch (w)"]
[Site "Chisinau MDA"]
[Date "2005.06.16"]
[Round "6"]
[White "Golubenko, Valentina"]
[Black "Vartic, Irina"]
[Result "1/2-1/2"]
[WhiteElo "2171"]
[BlackElo "1948"]
[EventDate "2005.06.10"]
[PlyCount "116"]

1.d4 Nf6 2.c4 g6 3.Nc3 d5 4.cxd5 Nxd5 5.e4 Nxc3 6.bxc3 Bg7 7.Ba3 Nd7 8.Nf3
c5 9.Qb3 Qc7 10.Bc4 O-O 11.O-O h6 12.e5 e6 13.Nd2 a6 14.Ne4 b5 15.Be2 c4 
16.Qc2 Rd8 17.Nd6 Nb6 18.Bf3 Nd5 19.Rfe1 Bd7 20.Bc5 Bc6 21.Rab1 Nf4 22.Re3
Nd3 23.Ba3 Bxf3 24.Rxf3 Rd7 25.Qe2 Qa5 26.Bb4 Nxb4 27.Rxb4 Bf8 28.Qd2 Qd8 
29.Ne4 Bxb4 30.Qxh6 Bf8 31.Qf4 Bg7 32.Rh3 Rd5 33.g4 b4 34.Nf6+ Kf8 35.Nh7+
Ke7 36.Rf3 Qg8 37.Ng5 bxc3 38.Rxc3 Rc8 39.Ne4 Rb5 40.Nd6 Rb1+ 41.Kg2 Rc7 
42.Qg5+ Kd7 43.Rf3 Qa8 44.Qf4 Qf8 45.Qe4 c3 46.Qc2 Rb2 47.Qa4+ Kd8 48.Qa5 
c2 49.Rc3 Qe7 50.Ne8 Rb5 51.Qxc7+ Qxc7 52.Nxc7 Rb2 53.g5 Rxa2 54.Kf3 Bf8 
55.Nxa6 Rxa6 56.Rxc2 Ra3+ 57.Ke4 Rh3 58.f4 Ra3 1/2-1/2

[Event "6th EUR-ch (w)"]
[Site "Chisinau MDA"]
[Date "2005.06.16"]
[Round "6"]
[White "Kalinina, Olga"]
[Black "Doibani, Lilia"]
[Result "1-0"]
[WhiteElo "2022"]
[BlackElo "2185"]
[EventDate "2005.06.10"]
[PlyCount "65"]

1.e4 c5 2.Nf3 Nc6 3.d4 cxd4 4.Nxd4 Nf6 5.Nc3 e5 6.Ndb5 d6 7.Bg5 a6 8.Na3 
b5 9.Nd5 Be7 10.Bxf6 Bxf6 11.c3 Ne7 12.Nxf6+ gxf6 13.Nc2 Bb7 14.Bd3 d5 15.
Qe2 f5 16.f3 dxe4 17.fxe4 f4 18.O-O-O Qb6 19.g3 Ng6 20.Nb4 fxg3 21.hxg3 
O-O-O 22.Rdf1 Qe6 23.c4 Rxd3 24.Qxd3 bxc4 25.Qe3 Kb8 26.Rd1 c3 27.Nd5 Rc8 
28.Nxc3 Qxa2 29.Qb6 Ka8 30.Rd7 Rxc3+ 31.bxc3 Qa1+ 32.Kd2 Qa2+ 33.Ke3 1-0

[Event "6th EUR-ch (w)"]
[Site "Chisinau MDA"]
[Date "2005.06.16"]
[Round "6"]
[White "Kuzevanova, Evgenia"]
[Black "Talmazan, Olga"]
[Result "1-0"]
[WhiteElo "2124"]
[BlackElo "2013"]
[EventDate "2005.06.10"]
[PlyCount "69"]

1.e4 c6 2.d4 d5 3.exd5 cxd5 4.c4 Nf6 5.Nc3 e6 6.c5 Nc6 7.Nf3 g6 8.Bb5 Bd7 
9.O-O Bg7 10.Re1 O-O 11.Bf4 a6 12.Bxc6 Bxc6 13.b4 Nd7 14.a4 Nb8 15.b5 Bd7 
16.Qd3 Qf6 17.Bd6 Rc8 18.Ne5 Be8 19.c6 bxc6 20.b6 Rd8 21.Bc7 Qe7 22.Bxd8 
Qxd8 23.a5 c5 24.dxc5 d4 25.Na2 Qd5 26.Qf3 Qxf3 27.Nxf3 Nc6 28.Rab1 Nxa5 
29.Nb4 Bb5 30.Ra1 Nc4 31.b7 Rb8 32.c6 Nd6 33.Nxa6 Bxa6 34.Rxa6 Nb5 35.Ra8 
1-0

[Event "6th EUR-ch (w)"]
[Site "Chisinau MDA"]
[Date "2005.06.16"]
[Round "6"]
[White "Kucherenko, Olena"]
[Black "Vetrila, Sanda"]
[Result "1-0"]
[WhiteElo "2079"]
[BlackElo "1911"]
[EventDate "2005.06.10"]
[PlyCount "53"]

1.e4 c5 2.Nc3 Nc6 3.g3 g6 4.Bg2 Bg7 5.d3 d6 6.Be3 e6 7.Qd2 Nge7 8.Bh6 O-O 
9.h4 f6 10.Bxg7 Kxg7 11.h5 g5 12.O-O-O h6 13.Nge2 e5 14.f4 Be6 15.Rdf1 Qd7
16.Rf2 a6 17.Ng1 b5 18.Nf3 b4 19.Na4 Rab8 20.fxg5 fxg5 21.Rhf1 Rg8 22.Nxg5
Rgf8 23.Rxf8 Rxf8 24.Nb6 Rxf1+ 25.Bxf1 Qb7 26.Nxe6+ Kf7 27.Qf2+ 1-0

[Event "6th EUR-ch (w)"]
[Site "Chisinau MDA"]
[Date "2005.06.16"]
[Round "6"]
[White "Iurascu, Mihaela"]
[Black "Baciu, Diana"]
[Result "0-1"]
[WhiteElo "1906"]
[BlackElo "1870"]
[EventDate "2005.06.10"]
[PlyCount "72"]

1.c4 Nf6 2.Nc3 e6 3.e4 c5 4.Nf3 Nc6 5.Be2 d6 6.O-O Nd4 7.Nxd4 cxd4 8.Nb5 
Nxe4 9.Nxd4 Be7 10.d3 Nf6 11.Be3 O-O 12.Nc2 d5 13.c5 Bd7 14.d4 Bc6 15.b4 
Qd7 16.Ne1 Bb5 17.a4 Bxe2 18.Qxe2 a6 19.Nd3 Rfc8 20.Ne5 Qe8 21.b5 axb5 22.
axb5 Ne4 23.Qb2 Bf6 24.Nd3 Rxa1 25.Rxa1 Nxc5 26.Nxc5 Rxc5 27.b6 h6 28.Rb1 
Qa4 29.h3 Rc4 30.Qb5 Qxb5 31.Rxb5 Bxd4 32.Bxd4 Rxd4 33.Kf1 Rc4 34.Ke2 Kf8 
35.Kd3 Ke7 36.f3 Kd6 0-1

[Event "6th EUR-ch (w)"]
[Site "Chisinau MDA"]
[Date "2005.06.17"]
[Round "7"]
[White "Javakhishvili, Lela"]
[Black "Lahno, Kateryna"]
[Result "1/2-1/2"]
[WhiteElo "2430"]
[BlackElo "2467"]
[EventDate "2005.06.10"]
[PlyCount "72"]

1.d4 Nf6 2.c4 g6 3.Nc3 Bg7 4.e4 d6 5.Nf3 O-O 6.Be2 e5 7.Be3 Ng4 8.Bg5 f6 
9.Bc1 exd4 10.Nxd4 f5 11.O-O fxe4 12.Bxg4 Bxg4 13.Qxg4 Bxd4 14.Bh6 Bg7 15.
Bxg7 Kxg7 16.Qxe4 Nc6 17.Rad1 Qg5 18.Nd5 Rf7 19.Qc2 Raf8 20.c5 dxc5 21.
Qxc5 Kg8 22.b4 Qh5 23.f4 a6 24.a4 h6 25.b5 axb5 26.axb5 Na5 27.Qc3 c6 28.
bxc6 Nxc6 29.Qb3 Kh7 30.Nf6+ Rxf6 31.Rd7+ Kh8 32.Qxb7 Qc5+ 33.Kh1 Qa7 34.
Qxa7 Nxa7 35.Rxa7 Rxf4 36.Rxf4 Rxf4 1/2-1/2

[Event "6th EUR-ch (w)"]
[Site "Chisinau MDA"]
[Date "2005.06.17"]
[Round "7"]
[White "Kachiani-Gersinska, Ketino"]
[Black "Arakhamia-Grant, Ketevan"]
[Result "1/2-1/2"]
[WhiteElo "2418"]
[BlackElo "2452"]
[EventDate "2005.06.10"]
[PlyCount "27"]

1.d4 Nf6 2.c4 g6 3.Nc3 Bg7 4.e4 d6 5.Be2 O-O 6.Bg5 Na6 7.Qd2 e5 8.d5 Qe8 
9.Bd1 Nh5 10.Ba4 Bd7 11.Bxd7 Qxd7 12.Nge2 f5 13.exf5 gxf5 14.Ng3 1/2-1/2

[Event "6th EUR-ch (w)"]
[Site "Chisinau MDA"]
[Date "2005.06.17"]
[Round "7"]
[White "Khurtsidze, Nino"]
[Black "Zayats, Elena"]
[Result "1/2-1/2"]
[WhiteElo "2418"]
[BlackElo "2398"]
[EventDate "2005.06.10"]
[PlyCount "37"]

1.d4 Nf6 2.c4 e6 3.Nf3 d5 4.Nc3 dxc4 5.e4 Bb4 6.Bg5 c5 7.e5 h6 8.exf6 hxg5
9.fxg7 Rg8 10.Qc2 cxd4 11.Qh7 Ke7 12.Rd1 Nc6 13.Bxc4 Bd7 14.Nxd4 Nxd4 15.
Rxd4 Qb6 16.Qe4 Bc6 17.Qe5 Qc5 18.Qxc5+ Bxc5 19.Rg4 1/2-1/2

[Event "6th EUR-ch (w)"]
[Site "Chisinau MDA"]
[Date "2005.06.17"]
[Round "7"]
[White "Kosintseva, Nadezhda"]
[Black "Lomineishvili, Maia"]
[Result "1-0"]
[WhiteElo "2459"]
[BlackElo "2396"]
[EventDate "2005.06.10"]
[PlyCount "55"]

1.e4 c6 2.d4 d5 3.exd5 cxd5 4.c4 Nf6 5.Nc3 g6 6.Qb3 Bg7 7.cxd5 O-O 8.Nge2 
Na6 9.Nf4 Qb6 10.Bc4 Qxd4 11.Be3 Qe5 12.Nd3 Qf5 13.O-O Ng4 14.h3 Ne5 15.
Nxe5 Bxe5 16.Rfe1 Qh5 17.Be2 Qh4 18.Bf3 Bg7 19.Ne4 h6 20.Rac1 e5 21.dxe6 
fxe6 22.Bg4 Qe7 23.Nc5 Nc7 24.Nxb7 Nd5 25.Bc5 Qxb7 26.Bxe6+ Kh7 27.Bxd5 
Qxb3 28.axb3 1-0

[Event "6th EUR-ch (w)"]
[Site "Chisinau MDA"]
[Date "2005.06.17"]
[Round "7"]
[White "Demina, Yulia"]
[Black "Kononenko, Tatiana"]
[Result "1/2-1/2"]
[WhiteElo "2346"]
[BlackElo "2416"]
[EventDate "2005.06.10"]
[PlyCount "112"]

1.d4 d5 2.c4 c6 3.cxd5 cxd5 4.Nf3 Nc6 5.Nc3 Nf6 6.Bf4 a6 7.Rc1 Ne4 8.e3 
Nxc3 9.bxc3 Bg4 10.h3 Bh5 11.Be2 e6 12.O-O Ba3 13.Rb1 b5 14.c4 dxc4 15.
Bxc4 bxc4 16.Qa4 Bxf3 17.gxf3 O-O 18.Qxa3 Qd5 19.Kg2 e5 20.dxe5 Nxe5 21.
Bxe5 Qxe5 22.Rfc1 Rfc8 23.Rb4 Qg5+ 24.Kf1 Qd5 25.e4 Qe6 26.Qc3 Qxh3+ 27.
Ke2 Qd7 28.Rxc4 Rxc4 29.Qxc4 Rd8 30.Kf1 a5 31.Qc7 Qd3+ 32.Kg2 a4 33.Rc5 g6
34.Ra5 Qd2 35.Rxa4 Qg5+ 36.Qg3 Qb5 37.Qc7 Rd1 38.Ra8+ Kg7 39.Qc3+ Kh6 40.
Ra5 Qf1+ 41.Kg3 Qg1+ 42.Kf4 Qxf2 43.Rd5 Re1 44.Ke5 Re3 45.Qc5 Qxf3 46.Qf8+
Kg5 47.Kd6+ Kg4 48.e5 Rc3 49.Qe7 Qf2 50.Qd7+ Kg3 51.Ke7 Qc2 52.Qd6 Rc7+ 
53.Kf8 Kg4 54.Rd4+ Kh5 55.Qf6 Qc5+ 56.Rd6 g5 1/2-1/2

[Event "6th EUR-ch (w)"]
[Site "Chisinau MDA"]
[Date "2005.06.17"]
[Round "7"]
[White "Shumiakina, Tatiana"]
[Black "Foisor, Cristina"]
[Result "1/2-1/2"]
[WhiteElo "2316"]
[BlackElo "2406"]
[EventDate "2005.06.10"]
[PlyCount "91"]

1.e4 g6 2.c4 Bg7 3.d4 d6 4.Nc3 Nd7 5.Nf3 e5 6.Be2 f6 7.Be3 Nh6 8.h3 Nf7 9.
Qc2 O-O 10.Rd1 c6 11.b4 Qe7 12.d5 c5 13.Nb5 b6 14.Nc7 Rb8 15.Ne6 Re8 16.a3
Nf8 17.Nxg7 Kxg7 18.Nd2 f5 19.g3 Qf6 20.exf5 gxf5 21.f3 Ng6 22.g4 Re7 23.
gxf5 Bxf5 24.Ne4 Qh4+ 25.Bf2 Qh6 26.h4 Rf8 27.Rg1 Kh8 28.Qd2 Bxe4 29.Qxh6 
Nxh6 30.fxe4 Ng8 31.h5 Nf4 32.Rg5 Rg7 33.Rxg7 Kxg7 34.Be3 Nf6 35.Bf3 N6xh5
36.Kd2 Nf6 37.Rh1 Rf7 38.Rh4 Ng6 39.Rh3 Rc7 40.Bh6+ Kf7 41.b5 a6 42.a4 Ra7
43.Bg5 Nf8 44.Rh1 N8d7 45.Ra1 Ra8 46.Kd3 1/2-1/2

[Event "6th EUR-ch (w)"]
[Site "Chisinau MDA"]
[Date "2005.06.17"]
[Round "7"]
[White "Collas, Silvia"]
[Black "Kosintseva, Tatiana"]
[Result "1-0"]
[WhiteElo "2381"]
[BlackElo "2486"]
[EventDate "2005.06.10"]
[PlyCount "95"]

1.Nf3 d5 2.d4 Nf6 3.c4 e6 4.Nc3 Be7 5.Bg5 h6 6.Bh4 O-O 7.e3 b6 8.Be2 Bb7 
9.Bxf6 Bxf6 10.cxd5 exd5 11.O-O Re8 12.Qb3 c6 13.Rfe1 Nd7 14.Bf1 Nf8 15.g3
Ne6 16.Rad1 g6 17.Bg2 Bg7 18.Rd2 f5 19.Qd1 Qd6 20.a3 Re7 21.b4 Rae8 22.Qb1
b5 23.Na2 Ng5 24.Nc1 Bc8 25.Nd3 Nf7 26.Rc1 g5 27.Rdc2 Rc7 28.Qb3 Bd7 29.
Nc5 Bc8 30.Nd3 Bd7 31.Nc5 Bc8 32.Nd3 Bf6 33.Nfe5 Bxe5 34.dxe5 Nxe5 35.
Bxd5+ Kg7 36.Nxe5 Qxe5 37.Rc5 Rd8 38.Bf3 Qf6 39.Rxc6 Rxc6 40.Rxc6 Qa1+ 41.
Kg2 g4 42.Rc7+ Kh8 43.Bc6 Qf6 44.e4 Be6 45.Qe3 a6 46.Qf4 Rf8 47.Bd5 Bc8 
48.Rc6 1-0

[Event "6th EUR-ch (w)"]
[Site "Chisinau MDA"]
[Date "2005.06.17"]
[Round "7"]
[White "Ushenina, Anna"]
[Black "Dzagnidze, Nana"]
[Result "0-1"]
[WhiteElo "2350"]
[BlackElo "2482"]
[EventDate "2005.06.10"]
[PlyCount "96"]

1.d4 Nf6 2.c4 e6 3.g3 d5 4.Nf3 Bb4+ 5.Bd2 Be7 6.Bg2 O-O 7.O-O dxc4 8.Qa4 
Bd7 9.Qxc4 Bc6 10.Bg5 Nbd7 11.Nc3 Rc8 12.Qd3 h6 13.Bxf6 Nxf6 14.e4 b6 15.
Rad1 Bb7 16.a3 c5 17.d5 exd5 18.exd5 Bd6 19.Nh4 a6 20.Nf5 b5 21.Rfe1 Rc7 
22.h3 Bc8 23.Ne3 Re8 24.Kh2 Rce7 25.Nc2 h5 26.Rxe7 Rxe7 27.b4 c4 28.Qf3 
Bg4 29.hxg4 hxg4 30.Qf5 Re5 31.Qxe5 Bxe5 32.Ne4 Nxe4 33.Bxe4 g6 34.Bg2 Qd6
35.Nd4 f5 36.Nc6 Bb2 37.Re1 c3 38.Nd4 Bxa3 39.Re6 Qxb4 40.Nc2 Qa4 41.Nxa3 
Qxa3 42.d6 c2 43.d7 Qd3 44.Rc6 Qxd7 45.Rxc2 Kg7 46.Ra2 Qa7 47.Bc6 Qb6 48.
Bd5 a5 0-1

[Event "6th EUR-ch (w)"]
[Site "Chisinau MDA"]
[Date "2005.06.17"]
[Round "7"]
[White "Gaponenko, Inna"]
[Black "Klinova, Masha"]
[Result "1-0"]
[WhiteElo "2482"]
[BlackElo "2391"]
[EventDate "2005.06.10"]
[PlyCount "55"]

1.e4 d6 2.d4 Nf6 3.Nc3 g6 4.f4 Bg7 5.Nf3 c5 6.dxc5 Qa5 7.Bd3 Qxc5 8.Qe2 
O-O 9.Be3 Qa5 10.O-O Bg4 11.Qf2 Bxf3 12.Qxf3 Nc6 13.Kh1 Nb4 14.a3 Nxd3 15.
cxd3 a6 16.d4 b5 17.f5 Nd7 18.Qh3 Qd8 19.Rf3 Rc8 20.Rd1 Rc4 21.e5 Nb6 22.
Ne4 dxe5 23.Ng5 h6 24.fxg6 f5 25.Ne6 Qd5 26.Nxg7 f4 27.Qxh6 Rf6 28.Rh3 1-0

[Event "6th EUR-ch (w)"]
[Site "Chisinau MDA"]
[Date "2005.06.17"]
[Round "7"]
[White "Cmilyte, Viktorija"]
[Black "Zozulia, Anna"]
[Result "1-0"]
[WhiteElo "2459"]
[BlackElo "2343"]
[EventDate "2005.06.10"]
[PlyCount "79"]

1.d4 Nf6 2.c4 g6 3.Nc3 Bg7 4.e4 d6 5.f3 O-O 6.Nge2 a6 7.Be3 Nbd7 8.Qd2 c6 
9.d5 Ne5 10.Ng3 cxd5 11.cxd5 b5 12.Be2 Bd7 13.O-O Rc8 14.Rfc1 Qa5 15.b3 b4
16.Nd1 Bb5 17.a4 Bxe2 18.Nxe2 Nfd7 19.Nd4 Nc5 20.Nf2 Rc7 21.Rab1 Qb6 22.f4
Ned7 23.Nc6 Nf6 24.Nxb4 Rb7 25.Rc4 Qa5 26.Nc6 Qxd2 27.Bxd2 Rxb3 28.Rxb3 
Nxb3 29.Nxe7+ Kh8 30.Bb4 Re8 31.Bxd6 Nd2 32.Rd4 Nfxe4 33.Rxe4 Nxe4 34.Nxe4
f5 35.Ng5 Bf6 36.Be5 Bxe5 37.fxe5 h6 38.d6 hxg5 39.d7 Rd8 40.e6 1-0

[Event "6th EUR-ch (w)"]
[Site "Chisinau MDA"]
[Date "2005.06.17"]
[Round "7"]
[White "Petrenko, Svetlana"]
[Black "Radziewicz, Iweta"]
[Result "0-1"]
[WhiteElo "2348"]
[BlackElo "2457"]
[EventDate "2005.06.10"]
[PlyCount "190"]

1.e4 e6 2.d4 d5 3.e5 c5 4.c3 Nc6 5.Nf3 Bd7 6.Be2 f6 7.exf6 Nxf6 8.O-O Qc7 
9.Bg5 cxd4 10.cxd4 Bd6 11.Nc3 a6 12.Rc1 O-O 13.Bd3 Bf4 14.Bxf4 Qxf4 15.Ne2
Qh6 16.Qd2 Qxd2 17.Nxd2 e5 18.dxe5 Nxe5 19.Bb1 Bb5 20.Rfe1 Bxe2 21.Rxe2 
Rae8 22.Rce1 Nc6 23.Nb3 Rxe2 24.Rxe2 g6 25.a3 Rc8 26.f3 Nd4 27.Nxd4 Rc1+ 
28.Kf2 Rxb1 29.Rd2 Kf7 30.g4 Ke7 31.g5 Nd7 32.Ne2 Nb6 33.Nc3 Rc1 34.Kg3 
Ke6 35.Ne2 Re1 36.b3 Kd6 37.Kf4 Na8 38.Kg3 Nc7 39.Nc3 Re3 40.Ne4+ Ke5 41.
Nc5 b6 42.Nd3+ Kd6 43.Kf2 Re8 44.Nf4 Re5 45.h4 Rf5 46.Ng2 b5 47.Ne3 Rf7 
48.b4 Rf8 49.Kg3 Re8 50.Ng4 Re1 51.Nf6 Ke5 52.Kf2 Rh1 53.Ng4+ Kd6 54.Kg3 
Rg1+ 55.Kh2 Rf1 56.Rd3 Ke6 57.Kg2 Rc1 58.Ne3 Kd6 59.f4 Ke6 60.Kf3 Rh1 61.
Kg3 Rg1+ 62.Kf2 Rh1 63.Ng2 Rc1 64.Kf3 Kd6 65.Ne3 Rh1 66.Kg3 Rg1+ 67.Kh2 
Rc1 68.Kg2 Ke6 69.Nd1 Rc4 70.Kf3 Rc1 71.Nf2 Rf1 72.Rc3 Kd6 73.Ke2 Ra1 74.
Rd3 Ne6 75.Kf3 d4 76.Nd1 Kd5 77.Ne3+ Kc6 78.Nd1 Ra2 79.Nf2 Kd5 80.Ng4 Ra1 
81.Nf2 Kc4 82.Kg3 Ra2 83.Rf3 Ng7 84.Ng4 Nh5+ 85.Kh3 Kd5 86.Nf6+ Nxf6 87.
gxf6 Ke6 88.f5+ gxf5 89.Rxf5 Rxa3+ 90.Kg4 Kf7 91.Kf4 Rh3 92.Kg4 Rb3 93.Rd5
Kxf6 94.Rxd4 Ke5 95.Rf4 h5+ 0-1

[Event "6th EUR-ch (w)"]
[Site "Chisinau MDA"]
[Date "2005.06.17"]
[Round "7"]
[White "Matveeva, Svetlana"]
[Black "Kostiuk, Tatiana"]
[Result "1-0"]
[WhiteElo "2423"]
[BlackElo "2313"]
[EventDate "2005.06.10"]
[PlyCount "151"]

1.d4 Nf6 2.c4 c5 3.d5 b5 4.cxb5 a6 5.b6 g6 6.Nc3 Qxb6 7.e4 d6 8.Nf3 Nbd7 
9.Nd2 Qd8 10.a4 a5 11.Bb5 Ba6 12.O-O Bg7 13.Nc4 O-O 14.Bg5 h6 15.Bd2 Bb7 
16.Rc1 Nb6 17.b3 e6 18.dxe6 fxe6 19.e5 dxe5 20.Be3 Nbd5 21.Bxc5 Nxc3 22.
Rxc3 Qxd1 23.Rxd1 Ne4 24.Bxf8 Nxc3 25.Rd7 Ne2+ 26.Kf1 Bxg2+ 27.Kxg2 Bxf8 
28.Nxe5 Nf4+ 29.Kf3 g5 30.Bc4 Bg7 31.Nc6 Bc3 32.Nd8 Bf6 33.Nxe6 Nxe6 34.
Bxe6+ Kh8 35.Kg4 Bg7 36.Kh5 Rf8 37.Bf7 Ra8 38.f3 Kh7 39.Bd5 Ra6 40.Rd8 Bc3
41.Be4+ Kg7 42.Rd7+ Kf8 43.Bg6 Bg7 44.Rb7 Kg8 45.Be4 Be5 46.h3 Kf8 47.Bg6 
Bg7 48.Rb5 Kg8 49.Rb8+ Bf8 50.Bd3 Ra7 51.Kg6 Rg7+ 52.Kh5 Ra7 53.Bc4+ Kg7 
54.Rb6 Kh7 55.Bd3+ Kg8 56.Bf5 Bg7 57.Kg6 Be5 58.Re6 Rg7+ 59.Kxh6 Bf4 60.
Bg6 g4+ 61.Kh5 Rb7 62.hxg4 Rxb3 63.Be4 Kg7 64.Rg6+ Kh8 65.Ra6 Bd2 66.Kg6 
Rb8 67.Bd5 Rd8 68.Be6 Re8 69.Rc6 Bf4 70.g5 Be3 71.Bf7 Rd8 72.Re6 Bf4 73.
Re4 Rd6+ 74.Be6 Bg3 75.Kf7 Rb6 76.Bd5 1-0

[Event "6th EUR-ch (w)"]
[Site "Chisinau MDA"]
[Date "2005.06.17"]
[Round "7"]
[White "Vasilevich, Irina"]
[Black "Zielinska, Marta"]
[Result "1/2-1/2"]
[WhiteElo "2347"]
[BlackElo "2419"]
[EventDate "2005.06.10"]
[PlyCount "68"]

1.e4 c6 2.c4 e5 3.Nf3 d6 4.d4 Nd7 5.Nc3 Ngf6 6.Be2 g6 7.O-O Bg7 8.dxe5 
dxe5 9.b4 O-O 10.Bb2 Re8 11.Qc2 Qe7 12.a3 Nf8 13.Rad1 Nh5 14.Nb1 Nf4 15.
Rfe1 Bg4 16.Nbd2 N8e6 17.Bf1 Ng5 18.Qb3 Qf6 19.Re3 Rad8 20.h3 Bc8 21.Nxg5 
Qxg5 22.Kh2 Qh5 23.Nf3 Rxd1 24.Qxd1 g5 25.Kg1 g4 26.Ne1 Qg5 27.Rg3 h5 28.
Nf3 Qe7 29.Nh2 Rd8 30.Qa1 h4 31.Rxg4 Bxg4 32.Nxg4 Ng6 33.c5 Qd7 34.Ne3 f6 
1/2-1/2

[Event "6th EUR-ch (w)"]
[Site "Chisinau MDA"]
[Date "2005.06.17"]
[Round "7"]
[White "Zakurdyaeva, Irina"]
[Black "Slavina, Irina"]
[Result "0-1"]
[WhiteElo "2260"]
[BlackElo "2415"]
[EventDate "2005.06.10"]
[PlyCount "72"]

1.e4 e5 2.Nf3 Nc6 3.Bb5 a6 4.Ba4 Nf6 5.O-O Be7 6.Re1 b5 7.Bb3 O-O 8.c3 d5 
9.exd5 Nxd5 10.Nxe5 Nxe5 11.Rxe5 c6 12.d4 Bd6 13.Bg5 Qc7 14.Rxd5 cxd5 15.
Bxd5 Bxh2+ 16.Kh1 Rb8 17.g3 Bxg3 18.fxg3 Qxg3 19.Qg1 Qh3+ 20.Qh2 Qf1+ 21.
Qg1 Qe2 22.Qg3 Qd1+ 23.Kg2 Rb6 24.Bf3 Qc2+ 25.Nd2 h6 26.Be4 Bb7 27.Qf3 
Bxe4 28.Qxe4 Qxe4+ 29.Nxe4 hxg5 30.Kf3 Re8 31.Rd1 f6 32.d5 g4+ 33.Kf4 g5+ 
34.Kf5 Re5+ 35.Kg6 Rxe4 36.d6 Re8 0-1

[Event "6th EUR-ch (w)"]
[Site "Chisinau MDA"]
[Date "2005.06.17"]
[Round "7"]
[White "Charochkina, Daria"]
[Black "Dembo, Yelena"]
[Result "0-1"]
[WhiteElo "2183"]
[BlackElo "2402"]
[EventDate "2005.06.10"]
[PlyCount "68"]

1.e4 c5 2.Nf3 Nc6 3.d4 cxd4 4.Nxd4 Nf6 5.Nc3 d6 6.Bg5 e6 7.Qd2 Be7 8.O-O-O
O-O 9.f4 Nxd4 10.Qxd4 h6 11.h4 Qa5 12.Bc4 e5 13.Qg1 Be6 14.Bxe6 fxe6 15.
Qh2 exf4 16.Bxf4 d5 17.Qh3 Qa6 18.exd5 Nxd5 19.Nxd5 exd5 20.Rhf1 Kh8 21.
Kb1 Rac8 22.g3 Qe2 23.Rd2 Qb5 24.Rdf2 Bf6 25.Be5 Qc5 26.Bf4 Bd4 27.Rh2 Qb5
28.c3 Rxc3 29.Qg2 Rxg3 30.Qxg3 Qxf1+ 31.Bc1 Qf5+ 32.Rc2 Rc8 33.Qh2 h5 34.
Bg5 Bf6 0-1

[Event "6th EUR-ch (w)"]
[Site "Chisinau MDA"]
[Date "2005.06.17"]
[Round "7"]
[White "Mkrtchian, Lilit"]
[Black "Kochetkova, Yulia"]
[Result "1/2-1/2"]
[WhiteElo "2400"]
[BlackElo "2311"]
[EventDate "2005.06.10"]
[PlyCount "36"]

1.c4 e6 2.d4 d5 3.Nf3 Nf6 4.e3 c5 5.Nc3 Nc6 6.a3 cxd4 7.exd4 g6 8.Bd3 Bg7 
9.O-O O-O 10.Re1 b6 11.Bg5 h6 12.Bf4 dxc4 13.Bxc4 Ne7 14.Qd2 Bb7 15.Ne5 
Nf5 16.Rad1 Nd5 17.Ba2 Rc8 18.Bb1 Nxf4 1/2-1/2

[Event "6th EUR-ch (w)"]
[Site "Chisinau MDA"]
[Date "2005.06.17"]
[Round "7"]
[White "Vasylevich, Tatiana"]
[Black "Tsereteli, Tamara"]
[Result "1-0"]
[WhiteElo "2395"]
[BlackElo "2273"]
[EventDate "2005.06.10"]
[PlyCount "81"]

1.d4 Nf6 2.Nf3 e6 3.g3 d5 4.Bg2 Be7 5.O-O O-O 6.c4 c6 7.Qc2 b6 8.b3 Bb7 9.
Nc3 Na6 10.Rd1 Rc8 11.e4 dxe4 12.Nxe4 Nxe4 13.Qxe4 Bf6 14.Bf4 Qe7 15.Ne5 
g6 16.Rac1 Ba8 17.Qe2 Rfd8 18.c5 Nb4 19.a3 Nd5 20.Bh6 Bb7 21.b4 b5 22.h4 
Ra8 23.Bd2 Bg7 24.Re1 Re8 25.h5 g5 26.h6 Bxe5 27.dxe5 Kh8 28.Be4 Rg8 29.
Qd3 Rad8 30.Qc2 f5 31.exf6 Qf7 32.Rcd1 e5 33.Bc1 Nxf6 34.Rxd8 Rxd8 35.Bxg5
Rf8 36.Bf5 Qh5 37.Bc1 Bc8 38.Rxe5 Rd8 39.Bd2 Nd5 40.Bc3 Nxc3 41.Re8+ 1-0

[Event "6th EUR-ch (w)"]
[Site "Chisinau MDA"]
[Date "2005.06.17"]
[Round "7"]
[White "Nebolsina, Vera"]
[Black "Skripchenko, Almira"]
[Result "1/2-1/2"]
[WhiteElo "2302"]
[BlackElo "2453"]
[EventDate "2005.06.10"]
[PlyCount "82"]

1.d4 Nf6 2.Nf3 e6 3.c4 d5 4.g3 Bb4+ 5.Bd2 a5 6.Bg2 dxc4 7.Bxb4 axb4 8.Ne5 
c5 9.dxc5 Qxd1+ 10.Kxd1 Ra5 11.Nd2 b5 12.b3 Nfd7 13.Nxd7 Bxd7 14.bxc4 bxc4
15.Nxc4 Rxc5 16.Nb2 Bc6 17.Bxc6+ Nxc6 18.Kd2 Kd7 19.Nd3 Rd5 20.Rhb1 Ra8 
21.e4 Rd4 22.Ke3 Rc4 23.Rc1 Rxc1 24.Nxc1 Ra3+ 25.Kd2 Kd6 26.Rb1 Ke5 27.
Nd3+ Kxe4 28.Nxb4 Ne5 29.Re1+ Kf5 30.Kc2 Ng4 31.h3 Ne5 32.Kb2 Rf3 33.Re2 
h5 34.Rc2 Ke4 35.Re2+ Kf5 36.Rc2 h4 37.gxh4 Rxh3 38.a4 Rxh4 39.Kb3 Rh3+ 
40.Rc3 Rh1 41.a5 Ra1 1/2-1/2

[Event "6th EUR-ch (w)"]
[Site "Chisinau MDA"]
[Date "2005.06.17"]
[Round "7"]
[White "Bogza, Adina"]
[Black "Moser, Eva"]
[Result "1/2-1/2"]
[WhiteElo "2297"]
[BlackElo "2422"]
[EventDate "2005.06.10"]
[PlyCount "56"]

1.d4 e6 2.Nf3 f5 3.g3 Nf6 4.Bg2 Be7 5.O-O O-O 6.c4 d6 7.b3 Qe8 8.Bb2 Qh5 
9.Nc3 Nbd7 10.Re1 d5 11.Qc1 c6 12.Ba3 Bxa3 13.Qxa3 Ne4 14.Qb2 f4 15.Nxe4 
dxe4 16.Ne5 Rf6 17.Bxe4 Rh6 18.h4 fxg3 19.fxg3 Nxe5 20.dxe5 Qg4 21.Qd4 
Qxg3+ 22.Bg2 Bd7 23.Rf1 Rxh4 24.Qxd7 Qh2+ 25.Kf2 Qxe5 26.Rad1 Rf8+ 27.Ke1 
Qc3+ 28.Rd2 Qc1+ 1/2-1/2

[Event "6th EUR-ch (w)"]
[Site "Chisinau MDA"]
[Date "2005.06.17"]
[Round "7"]
[White "Danielian, Elina"]
[Black "Kursova, Maria"]
[Result "1-0"]
[WhiteElo "2415"]
[BlackElo "2300"]
[EventDate "2005.06.10"]
[PlyCount "91"]

1.d4 Nf6 2.Nf3 e6 3.e3 b6 4.Bd3 Bb7 5.O-O d5 6.c4 Bd6 7.Nc3 a6 8.cxd5 exd5
9.Qc2 O-O 10.e4 dxe4 11.Nxe4 Nxe4 12.Bxe4 Bxe4 13.Qxe4 Nd7 14.Bg5 Qe8 15.
Qh4 Qe6 16.Rfe1 Qf5 17.Be7 Bxe7 18.Qxe7 Rad8 19.h3 Qd5 20.b3 c5 21.Rad1 
Nf6 22.Qc7 Qd6 23.Qxd6 Rxd6 24.dxc5 Rxd1 25.Rxd1 bxc5 26.Rd6 Ra8 27.Rc6 
Ne4 28.Ne5 a5 29.Nc4 Kf8 30.f3 Nc3 31.Nb6 Rd8 32.Rxc5 Nxa2 33.Rxa5 Rd2 34.
Nd5 g6 35.Nf6 Kg7 36.Ne4 Rb2 37.Ra7 Nc1 38.Ng5 Ne2+ 39.Kh2 h6 40.Nxf7 Nf4 
41.Ne5+ Kg8 42.Kg3 Nh5+ 43.Kh4 Rxg2 44.Ng4 Ng7 45.Nxh6+ Kh7 46.Ng4 1-0

[Event "6th EUR-ch (w)"]
[Site "Chisinau MDA"]
[Date "2005.06.17"]
[Round "7"]
[White "Jackova, Jana"]
[Black "Hryhorenko, Natalia"]
[Result "1/2-1/2"]
[WhiteElo "2406"]
[BlackElo "2294"]
[EventDate "2005.06.10"]
[PlyCount "93"]

1.e4 e6 2.d4 d5 3.Nc3 Bb4 4.e5 c5 5.a3 Bxc3+ 6.bxc3 Ne7 7.Qg4 O-O 8.Bd3 f5
9.exf6 Rxf6 10.Bg5 Rf7 11.Qh4 h6 12.Bxe7 Rxe7 13.Qg3 Qa5 14.Ne2 Nc6 15.Qg6
e5 16.Qh7+ Kf7 17.Bg6+ Ke6 18.O-O Kd6 19.dxe5+ Nxe5 20.Nf4 Qxc3 21.Qg8 Qc4
22.Nxd5 Be6 23.Qxa8 Bxd5 24.Qd8+ Rd7 25.Qb8+ Rc7 26.Qf8+ Re7 27.Qf5 Re6 
28.Rae1 Bxg2 29.Kxg2 Rxg6+ 30.Kh1 Qd5+ 31.Qe4 Qxe4+ 32.Rxe4 Kd5 33.Re3 Nc4
34.Rd3+ Kc6 35.f4 Re6 36.f5 Rf6 37.Rg3 g5 38.h4 Nd2 39.Rd1 Ne4 40.Rf3 gxh4
41.Rf4 Ng3+ 42.Kh2 Rxf5 43.Rxh4 Nh5 44.Rg1 Kb5 45.c4+ Ka4 46.Rg6 Kxa3 47.
Rxh6 1/2-1/2